000 00285nam a2200097Ia 4500
008 240331s9999 xx 000 0 und d
082 _bEQU
100 _aInternational labour organization. ed
245 0 _aEquality of opportunity in employment in Asia :
_bproblems and policies
942 _cL
999 _c2712
_d2712